Public Lands Acquisition Alternative Act of 1983 : hearing before the Subcommittee on Energy and Agricultural Taxation of the Committee on Finance, United States Senate, Ninety-eighth Congress, second session, on S. 1675, February 6, 1984.

Bibliographic Details
Corporate Authors: United States. Congress. Senate. Committee on Finance. Subcommittee on Energy and Agricultural Taxation, ProQuest (Firm)
Format: Government Document eBook
Language:English
Published: Washington : U.S. G.P.O., 1984.
Series:U.S. Congressional Hearings.
Subjects:
Online Access:Connect to the full text of this electronic book

MARC

Tag First Indicator Second Indicator Subfields
LEADER 00000cam a22000001a 4500
001 in00003223021
006 m d f
007 cr bn mmmapmmp
008 091015s1984 dcua ob f000 0 eng d
005 20260511205108.5
035 |a cis2007448234 
040 |a UMI  |c UMI  |d UtOrBLW 
043 |a n-us--- 
074 |a 1038-A, 1038-B (microfiche) 
086 0 |a Y 4.F 49:S.hrg.98-719 
099 |a HRG-1984-FNS-0006 
110 1 |a United States.  |b Congress.  |b Senate.  |b Committee on Finance.  |b Subcommittee on Energy and Agricultural Taxation. 
245 1 0 |a Public Lands Acquisition Alternative Act of 1983 :  |b hearing before the Subcommittee on Energy and Agricultural Taxation of the Committee on Finance, United States Senate, Ninety-eighth Congress, second session, on S. 1675, February 6, 1984. 
264 1 |a Washington :  |b U.S. G.P.O.,  |c 1984. 
300 |a 1 online resource. 
336 |a text  |b txt  |2 rdacontent 
337 |a computer  |b c  |2 rdamedia 
338 |a online resource  |b cr  |2 rdacarrier 
490 1 |a S. hrg. ;  |v 98-719 
500 |a Record is based on bibliographic data in ProQuest Congressional Hearings Digital Collection. Reuse except for individual research requires license from ProQuest, LLC. 
504 |a Bibliography: page 117. 
538 |a System requirements: PDF reader software. 
500 |a Electronic resource. 
650 0 |a Public lands  |z United States. 
650 0 |a Land value taxation  |z United States. 
650 0 |a Tax deductions  |z United States. 
655 7 |a Electronic books.  |2 local 
710 2 |a ProQuest (Firm) 
776 0 8 |i Print version:  |a United States. Congress. Senate. Committee on Finance. Subcommittee on Energy and Agricultural Taxation.  |t Public Lands Acquisition Alternative Act of 1983  |w (OCoLC)11061088  |w gp 84023151 
776 0 8 |i Microfiche version:  |a United States. Congress. Senate. Committee on Finance. Subcommittee on Energy and Agricultural Taxation.  |t Public Lands Acquisition Alternative Act of 1983.  |d [Bethesda, Md.] : ProQuest,[2004]  |o CIS 84 S361-33  |w (ProQuest)cis08402213 
810 1 |a United States.  |b Congress.  |b Senate.  |t S. hrg. ;  |v 98-719. 
830 0 |a U.S. Congressional Hearings. 
856 4 0 |u http://proxy.library.tamu.edu/login?url=https://congressional.proquest.com/congcomp/getdoc?HEARING-ID=HRG-1984-FNS-0006  |z Connect to the full text of this electronic book  |t 0 
998 |a cis08402213 
999 |a MARS 
999 f f |s f3f20c1d-f889-371c-ba30-492ebcc51474  |i 93be2b5a-66b1-342f-9b55-7d59569f3d7b  |t 0 
952 f f |a Texas A&M University  |b College Station  |c Electronic Resources  |s www_evans  |d Available Online  |t 0  |e HRG-1984-FNS-0006  |h Other scheme 
998 f f |a HRG-1984-FNS-0006  |t 0  |l Available Online